000 01865nam0a2200349 4500
001 RU\NLR\bibl\27054
005 20250810040211.0
021 _aRU
_b99-12724
_9612
035 _a(NLR Aleph) 000026369
090 _a127875
_c127875
100 _a19990513d1998 u y0rusy50 ca
101 0 _arus
102 _aRU
105 _a|||||||||||||
200 1 _aГауссовы пучки и оптические резонаторы
_eУчеб. пособие для студентов III-IV курсов ФТФ направления 553100
_fЕ.А. Титов
_gМ-во общ. и проф. образования Рос. Федерации, Новосиб. гос. техн. ун-т
210 _aНовосибирск
_cИзд-во НГТУ
_d1998
215 _a77 с.
_cил.
_d20
320 _aБиблиогр.: с. 76
606 0 _aКвантовые резонаторы
_jРуководства. пособия и т.п. для высшей школы
_91318274
_3RU\NLR\auth\66547376
606 0 _aСветовые пучки Гауссовы
_jРуководства. пособия и т.п. для высшей школы
_91504300
_3RU\NLR\auth\66954402
606 0 _aОптические резонаторы
_jУчебные издания для высшей школы
_92086807
_3RU\NLR\auth\661262953
606 0 _aГаусса световые пучки
_jУчебные издания для высшей школы
_92086804
_3RU\NLR\auth\661262950
686 _aЗ845.79я73-1
700 1 _aТитов
_bЕ. А.
_gЕвгений Анатольевич
_4070
801 0 _aRU
_bNLR
_c19990513
_gPSBO
801 1 _aRU
_bNLR
_c19990513
852 _aNLR
_j99-4/1733
942 _cBOOK
945 _aРоссийская национальная библиотека
980 _aBV
980 _aNB